000 00693cab a22002055a 4500
001 L153386
008 110719e20110715xxkd f s 000 0 eng d
035 _a(Sirsi) u153386
041 0 _aeng
110 2 _aExperian Business Strategies
_94789
245 0 4 _aThe tracker
_bslim pickings
260 _c2011
490 _aBuilding
_v276 (8687) 15 July 2011, 48-49(2)
520 _aEconomic summary for May 2011 of the state of play, leading construction activity indicator, material costs, and regional perspective in the UK.
590 _aKA
650 2 4 _aEXPERIAN CONSTRUCTION INDUSTRY FOCUS
651 4 _aUnited Kingdom
_y
690 _aBUILT ENVIRONMENT-CONSTRUCTION MARKET
942 _n0
999 _c83275
_d83275